Porovnanie podpory predaja domácej produkcie medzi vybranými štátmi Európskej únie diplomová práca

Guardado en:
Detalles Bibliográficos
Autor principal: Hanzalová, Silvia
Autor Corporativo: Obchodná fakulta EU. Katedra marketingu
Otros Autores: Rehák, Róbert, 1984-
Formato: Libro
Lenguaje:eslovaco
Publicado: Bratislava 2014
Etiquetas: Agregar Etiqueta
Sin Etiquetas, Sea el primero en etiquetar este registro!

MARC

LEADER 00000nbm a2200000 4500
001 0185939
005 20170201094022.8
041 0 |a slo 
044 |a SK 
245 1 0 |a Porovnanie podpory predaja domácej produkcie medzi vybranými štátmi Európskej únie  |b diplomová práca  |c Silvia Hanzalová ; školiteľ: Róbert Rehák 
264 1 |a Bratislava  |c 2014 
300 |a 74 s. 
100 1 |a Hanzalová, Silvia 
700 1 |a Rehák, Róbert, 1984- 
710 2 |a Obchodná fakulta EU. Katedra marketingu